<?xml version="1.0" encoding="UTF-8"?>
<record
    xmlns:xsi="http://www.w3.org/2001/XMLSchema-instance"
    xsi:schemaLocation="http://www.loc.gov/MARC21/slim http://www.loc.gov/standards/marcxml/schema/MARC21slim.xsd"
    xmlns="http://www.loc.gov/MARC21/slim">

  <leader>00350nam a22001217a 4500</leader>
  <datafield tag="040" ind1=" " ind2=" ">
    <subfield code="c">HS</subfield>
  </datafield>
  <datafield tag="082" ind1=" " ind2=" ">
    <subfield code="a">658</subfield>
  </datafield>
  <datafield tag="100" ind1=" " ind2=" ">
    <subfield code="a">&#x17A2;&#x17CA;&#x17BB;&#x1793; &#x1794;&#x17CA;&#x17BB;&#x1793;&#x179B;&#x17B6;&#x1784;</subfield>
  </datafield>
  <datafield tag="245" ind1=" " ind2=" ">
    <subfield code="a">Basic marketing &#x1798;&#x17BC;&#x179B;&#x178A;&#x17D2;&#x178B;&#x17B6;&#x1793;&#x1782;&#x17D2;&#x179A;&#x17B9;&#x17C7;&#x1793;&#x17C3;&#x1798;&#x17C9;&#x17B6;&#x1783;&#x17B8;&#x178F;&#x1792;&#x17B8;&#x1784;</subfield>
  </datafield>
  <datafield tag="260" ind1=" " ind2=" ">
    <subfield code="a">RUA</subfield>
    <subfield code="b">&#x17A2;&#x17CA;&#x17BB;&#x1793; &#x1794;&#x17CA;&#x17BB;&#x1793;&#x179B;&#x17B6;&#x1784;</subfield>
    <subfield code="c">2001</subfield>
  </datafield>
  <datafield tag="300" ind1=" " ind2=" ">
    <subfield code="a">64p;</subfield>
  </datafield>
  <datafield tag="942" ind1=" " ind2=" ">
    <subfield code="c">KB</subfield>
  </datafield>
  <datafield tag="999" ind1=" " ind2=" ">
    <subfield code="c">9985</subfield>
    <subfield code="d">9985</subfield>
  </datafield>
  <datafield tag="952" ind1=" " ind2=" ">
    <subfield code="0">0</subfield>
    <subfield code="1">0</subfield>
    <subfield code="4">0</subfield>
    <subfield code="6">658_000000000000000_&#x17A2;&#x17BB;&#x1793;_2001_C247</subfield>
    <subfield code="7">0</subfield>
    <subfield code="9">52243</subfield>
    <subfield code="a">LBC</subfield>
    <subfield code="b">LBC</subfield>
    <subfield code="c">C247</subfield>
    <subfield code="d">2016-09-16</subfield>
    <subfield code="o">658 &#x17A2;&#x17CA;&#x17BB;&#x1793; 2001 C247</subfield>
    <subfield code="p">A01777</subfield>
    <subfield code="r">2016-09-16</subfield>
    <subfield code="y">KB</subfield>
  </datafield>
</record>
